000 00332nam a22001457a 4500
008 190129b xxu||||| |||| 00| 0 eng d
020 _a1-800232-2224
041 _aeng
080 _a371
082 _a371
100 _a25
101 _aEDU
245 _aReading Comprehension LP C
_cBracio F.Patriccio
942 _2udc
_cBK
999 _c53841
_d53841